000 00338nam a2200145Ia 4500
008 191201s2012 xx 000 0 und d
082 _a621.8
_bKHT
100 _aKHURMI, R S
245 0 _aTheory of Machines
250 _a1st
260 _aN.Delhi
_bS Chand and Co. Ltd.
_c2012
300 _a1071
650 _aB.Tech(ME)
942 _2ddc
_cBK
999 _c863
_d863